Central Library OPAC University of Rajshahi

Principles and procedures of statistics : (Record no. 51891)

MARC details
000 -LEADER
fixed length control field 00801nam a2200229 a 4500
001 - CONTROL NUMBER
control field 51891
003 - CONTROL NUMBER IDENTIFIER
rucl marc code BD-RjUL
005 - DATE AND TIME OF LATEST TRANSACTION
control field 20211209075727.0
008 - FIXED-LENGTH DATA ELEMENTS--GENERAL INFORMATION
fixed length control field 160904s1960 us a b 001 0 eng d
035 ## - SYSTEM CONTROL NUMBER
System control number (BD-RjUL)52011
040 ## - CATALOGING SOURCE
Original cataloging agency BD-RjUL
Language of cataloging eng
Transcribing agency BD-RjUL
Modifying agency BD-RjUL
041 ## - LANGUAGE CODE
Language code of text/sound track or separate title eng
082 ## - DEWEY DECIMAL CLASSIFICATION NUMBER
Edition number 23
Classification number 519.5
Author mark and year STP 1960
100 1# - MAIN ENTRY--PERSONAL NAME
Personal name Steel, Robert G. D.
Fuller form of name (Robert George Douglas),
Dates associated with a name 1917-
9 (RLIN) 155203
245 10 - TITLE STATEMENT
Title Principles and procedures of statistics :
Remainder of title with special reference to the biological sciences /
Statement of responsibility, etc. by Robert G. D. Steel and James H. Torrie
260 ## - PUBLICATION, DISTRIBUTION, ETC. (IMPRINT)
Place of publication, distribution, etc. London :
Name of publisher, distributor, etc. McGraw-Hill,
Date of publication, distribution, etc. 1960
300 ## - PHYSICAL DESCRIPTION
Pagination xvi, 481 p. :
Illustrations ill. ;
Size 24 cm
500 ## - GENERAL NOTE
General note Includes index
650 #0 - SUBJECT ADDED ENTRY--TOPICAL TERM
Topical term or geographic name as entry element Mathematical statistics
9 (RLIN) 155204
700 1# - ADDED ENTRY--PERSONAL NAME
Personal name Torrie, James H.
Fuller form of name (James Hiram),
Dates associated with a name 1908-1976
942 ## - ADDED ENTRY ELEMENTS (KOHA)
Source of classification or shelving scheme Dewey Decimal Classification
Koha item type Books
Holdings
Lost status Source of classification or shelving scheme Damaged status Not for loan Collection code Permanent Location Current Location Shelving location Date acquired Source of acquisition Cost, normal purchase price Total Checkouts Full call number Date last seen Copy number Koha item type
  Dewey Decimal Classification     Non-fiction Central Library, University of Rajshahi Central Library, University of Rajshahi   24/11/1965 Zeitlinger 88.00   519.5 STP 1960 04/09/2016 C-2 Books
  Dewey Decimal Classification     Non-fiction Central Library, University of Rajshahi Central Library, University of Rajshahi   19/11/1965 National book agency 55.00   519.5 STP 1960 03/10/2016 C-3 Books